Welcome to CU Library Online Public Access Catalogue (OPAC)

A Historical Glimpse of the Holy Spirit Revival (Record no. 1218)

MARC details
000 -LEADER
fixed length control field 00513nam a22001577a 4500
005 - DATE AND TIME OF LATEST TRANSACTION
control field 20241114173630.0
008 - FIXED-LENGTH DATA ELEMENTS--GENERAL INFORMATION
fixed length control field 241114b |||||||| |||| 00| 0 eng d
020 ## - INTERNATIONAL STANDARD BOOK NUMBER
International Standard Book Number 9789988120528
100 ## - MAIN ENTRY--PERSONAL NAME
Personal name Tenobi David T.
245 ## - TITLE STATEMENT
Title A Historical Glimpse of the Holy Spirit Revival
Remainder of title alled Pentecostalism of the Church from 1900 to Date
260 ## - PUBLICATION, DISTRIBUTION, ETC.
Place of publication, distribution, etc. Koforidua, Ghana
Name of publisher, distributor, etc. Danchrist Printing Works
Date of publication, distribution, etc. 2010
300 ## - PHYSICAL DESCRIPTION
Extent xi, 164 pages
Dimensions 20.5 cm
500 ## - GENERAL NOTE
General note Includes Illustrations
650 ## - SUBJECT ADDED ENTRY--TOPICAL TERM
Source of heading or term Holy Spirit
942 ## - ADDED ENTRY ELEMENTS (KOHA)
Source of classification or shelving scheme Library of Congress Classification
Koha item type Books
Suppress in OPAC No
999 ## -
-- 1218
-- 1218
Holdings
Withdrawn status Lost status Source of classification or shelving scheme Damaged status Not for loan Collection Home library Current library Shelving location Date acquired Total checkouts Full call number Barcode Date last seen Copy number Price effective from Koha item type
    Library of Congress Classification     Non-fiction Law Library (Miotso) Law Library (Miotso) General stacks 11/14/2024   BX96.5 P45 TEN LLM00000940 11/14/2024 1 11/14/2024 Books
    Library of Congress Classification     Non-fiction Undergraduate Library (Christ Temple) Undergraduate Library (Christ Temple) General stacks 09/15/2025   BX9.5.P45 TEN ulct00004763 09/15/2025 1 09/15/2025 Books
© 2023-2024 Copyright: Central University Libraries. All Rights Reserved | Created by: Mahone Tech Office